Normal view
MARC view
- Gross, Jonathan L (Editor)
Entry Personal Name
001 - CONTROL NUMBER
- control field: 9784
003 - CONTROL NUMBER IDENTIFIER
- control field: OSt
005 - DATE AND TIME OF LATEST TRANSACTION
- control field: 20260210122322.0
008 - FIXED-LENGTH DATA ELEMENTS
- fixed length control field: 260210|| aca||aabn | a|a d
040 ## - CATALOGING SOURCE
- Original cataloging agency: OSt
- Transcribing agency: OSt
100 ## - HEADING--PERSONAL NAME
- Personal name: Gross, Jonathan L (Editor)
670 ## - SOURCE DATA FOUND
- Source citation: Work cat.: (OSt)756042: Handbook of graph theory, 2026
